Demonyms for 70 Cities Quiz Stats

 Plays Quiz not verified by Sporcle

Score 0/70 Timer 12:00
0 Plays Today
City Demonym % Correct
AthensAthenian
81.8%
BerlinBerliner
79.5%
New York New Yorker
71.9%
Paris Parisian
70.5%
Rome Roman
70.2%
London Londoner
69.8%
HamburgHamburger
63.5%
Chicago Chicagoan
63.2%
MilanMilanese
53.9%
Bogota Bogotan
53.5%
Venice Venetian
51.2%
Manchester Mancunian
50.5%
ViennaViennese
48.9%
GlasgowGlaswegian
48.2%
LiverpoolLiverpudlian
47.5%
MoscowMuscovite
45.3%
FlorenceFlorentine
44.4%
ManilaManilan
41.4%
Naples Neapolitan
40.4%
Birmingham Brummie
38.9%
Beijing Beijinger
37%
Lyon Lyonnais
35.1%
Los AngelesAngeleno
31.9%
PhoenixPhoenician
31.2%
DallasDallasite
30.5%
BangkokBangkokian
30.2%
Newcastle Geordie
24%
CuritibaCuritiban
23.5%
MarseilleMarseillais
23.3%
Nice Niçois
22.3%
SydneySydneysider
21.8%
MinneapolisMinneapolitan
20.5%
TorontoTorontonian
20.5%
Lahore Lahori
20%
TokyoEdokko
16.5%
City Demonym % Correct
MadridMadrileño
16.3%
Tel Aviv Tel Avivi
14.2%
CairoCairene
13.7%
Buenos AiresPorteño
13.3%
Istanbul Istanbulite
11.6%
Rio de Janeiro Carioca
11.1%
Ho Chi Minh CitySaigoner
10.9%
Alexandria Alexandrine
10.7%
ShanghaiShanghaine
10.4%
PittsburghYinzer
9.6%
Cape TownCapetonian
8.8%
MelbourneMelburnian
8.8%
MunichMünchner
8.4%
WarsawVarsovian
8.4%
BrusselsBrusselaar
8.2%
DelhiDelhiite
8.1%
KrakowCracovian
7.7%
Sao PauloPaulistano
7.5%
Oslo Oslovian
7.4%
LimaLimeño
7%
BordeauxBordelais
7%
MumbaiMumbaikar
6.7%
AcapulcoAcapulqueño
5.1%
Mexico City Chilango
4.2%
The HagueHagenees
3.8%
Leeds Loiner
3.7%
Guadalajara Tapatío
3.3%
La PazPaceño
3.3%
Belo HorizonteBelo-Horizontino
3.3%
CaracasCaraquenian
3.2%
Santa CruzCruceño
3.2%
Monterrey Regiomontano
2.1%
LisbonAlfacinha
1.6%
SalvadorSoteropolitano
1.6%
PortoTripeiro
1.4%

You're not logged in!

Compare scores with friends on all Sporcle quizzes.
OR
Log In

Sporcle TV

Today on Sporcle TV


Watch our educational content, quiz creation guides, and fun videos on Sporcle TV.

Show Comments

Extras

Top Quizzes Today


Score Distribution

Your Account Isn't Verified!

In order to create a playlist on Sporcle, you need to verify the email address you used during registration. Go to your Sporcle Settings to finish the process.

Report this User

Report this user for behavior that violates our Community Guidelines.

Details: